000 00300nam a22001097a 4500
040 _cRUA
082 _a636 NGO 2015 C138 Or.
100 _aNGO BUNTHAN
245 _aAgriculture and Rural Development Road Toward Agriculture And Rural Development Enhancement
260 _aRUA
_bNGO
_c2015
942 _cKB
999 _c19712
_d19712